Serie A Relegated Teams - Statistics

General Stats
  • This quiz has been taken 35 times
  • The average score is 47 of 67
Answer Stats
Years Team % Correct
2006 Juventus
96%
1947, 1950, 1963, 1967, 2000, 2002, 2022, 2025 Venezia
96%
1933, 1941, 1943, 1950, 1961, 1964, 1970, 1986, 1992, 1996, 2001, 2011 Bari
93%
1982, 1991, 2005, 2014 Bologna
93%
1934, 1951, 1960, 1965, 1974, 1978, 1984, 1995, 2022 Genoa
93%
1961, 1967, 1971, 1980, 1985 Lazio
93%
1980, 1982 Milan
93%
1936, 1954, 1957, 1960, 1963, 1970, 1973, 2013, 2017 Palermo
93%
1951 Roma
93%
2024 Sassuolo
93%
1955, 1962, 1987, 1990, 1994 Udinese
93%
1958, 1974, 1979, 1990, 1992, 1997, 2002, 2016, 2018 Verona
93%
1938, 1958, 1969, 1973, 1979, 1987, 1994, 1998, 2003, 2005, 2010 Atalanta
89%
1976, 1983, 1997, 2000, 2015, 2022 Cagliari
89%
1953, 1976, 1982, 1989, 2003 Como
89%
1938, 1993, 2002 Fiorentina
89%
1942, 1948, 1961, 1963, 1998, 2001 Napoli
89%
1959, 1989, 1996, 2000, 2003, 2009 Torino
89%
2007, 2019 Chievo
85%
2025 Monza
85%
2008, 2015, 2021 Parma
85%
1978, 1980, 1989, 1993, 2013, 2017 Pescara
85%
1969, 1984, 1986, 1989, 1991 Pisa
85%
1955, 1966, 1971, 1984, 2014 Catania
81%
1988, 1999, 2004, 2008, 2017, 2019, 2025 Empoli
81%
1986, 1991, 1994, 1998, 2002, 2006, 2009, 2012, 2020 Lecce
81%
1966, 1977, 1999, 2011, 2023 Sampdoria
81%
2023 Spezia
81%
2016, 2019, 2024 Frosinone
78%
1932, 1940, 1942, 1949, 1964, 2004 Modena
78%
2010, 2013 Siena
78%
1948, 1975, 1979, 1999, 2001 Vicenza
78%
2018, 2021 Benevento
74%
1930, 1985, 1990, 1992, 1996, 2023 Cremonese
74%
1931, 1935, 1939, 1949, 2008, 2010, 2014 Livorno
74%
1994, 2000, 2003 Piacenza
74%
1964, 1968, 2020 Spal
74%
1932, 1936, 1947, 1968, 1970, 1981, 1987, 1993, 1995, 1998, 2005, 2011, 2020 Brescia
70%
1948, 1999, 2024 Salernitana
70%
2016 Carpi
67%
2018, 2021 Crotone
67%
1937, 1941, 1956, 2012 Novara
67%
2001, 2009 Reggina
67%
1993, 2004 Ancona
63%
1967, 1971, 1974, 1978, 1995 Foggia
63%
1981,1997, 2004 Perugia
63%
1976, 1985, 1990, 1992, 2007 Ascoli
59%
1965, 2007 Messina
59%
1930, 1934, 1952, 1962, 1996 Padova
59%
1935 Pro Vercelli
59%
2006 Treviso
59%
1988 Avellino
56%
1977, 1983, 1991, 2012, 2015 Cesena
56%
1957, 1959 Triestina
56%
1972, 1977, 1983 Catanzaro
52%
1995, 1997 Reggiana
52%
1965, 1968, 1972 Mantova
48%
1966, 1969, 1972, 1975 Varese
44%
1973, 1975 Ternana
41%
1981 Pistoiese
37%
1937, 1948, 1960 Alessandria
33%
1934 Casale
33%
1962, 1967 Lecco
30%
1939, 1952 Lucchese
30%
1933, 1953, 1956 Pro Patria
26%
1931, 1952, 1954 Legnano
15%
1940, 1943 Liguria
11%
No matching quizzes found
Score Distribution
Percent of People with Each Score
Percentile by Number Answered
Your Score History
You have not taken this quiz